[Event "POR-chT 1st Divison 2018"]
[Site "Maia"]
[Date "2018.07.18"]
[Round "4"]
[White "Dias, Ivo Rodrigues"]
[Black "Oratovsky, Michael"]
[Result "0-1"]
[WhiteElo "2138"]
[BlackElo "2474"]
[Annotator "TA"]
[PlyCount "84"]
[EventDate "2018.07.16"]
[EventType "team-tourn"]
[EventCountry "POR"]
[SourceTitle "playchess.com"]
[Source "ChessBase"]
[SourceQuality "1"]

{[%evp 17,84,25,18,16,18,14,27,37,42,28,37,4,20,25,18,5,39,0,0,0,-5,-24,23,12,22,0,0,0,-4,-41,-62,-57,-55,-133,-127,-120,-120,-110,-128,-162,-161,-160,-164,-163,-156,-161,-159,-160,-154,-152,-125,-156,-149,-165,-160,-158,-158,-147,-125,-148,-110,-249,-169,-252,-245,-244,-208,-959,-951]} 1. e4 c5 2. Nf3 e6 3. d4 cxd4 4. Nxd4 a6 5. Bd3 g6 6. c4 Bg7 7. Nc2 {B42: Sicilian: Kan Variation: 5 Bd3} Nc6 8. Nc3 Nge7 9. O-O O-O {LiveBook: 8 Games} 10. Bg5 h6 11. Bh4 g5 $146 ({Predecessor:} 11... d6 12. f4 g5 13. fxg5 Ng6 14. gxh6 Qxh4 15. hxg7 Kxg7 {1-0 (36) Tomczak,J (2543)-Olszewski,M (2539) Warsaw 2012}) 12. Bg3 Ne5 13. Qd2 N7g6 14. Be2 b6 15. Rad1 Bb7 16. b3 Bc6 17. a4 Qf6 18. Nd4 Nf4 19. f3 Neg6 20. Rfe1 Ne5 21. Bf1 ({Don't play} 21. Nxc6 dxc6 22. Bxf4 gxf4 $17) 21... Ned3 22. Bxf4 Nxf4 23. Nxc6 dxc6 24. e5 Qe7 25. Qd6 ({Better is} 25. Qe3 $15) 25... Qxd6 $17 26. Rxd6 Ng6 27. Rxc6 Nxe5 28. Rd6 {[#]} Nxf3+ $1 {[%mdl 512]} 29. gxf3 {aiming for Ne4.} Bxc3 30. Red1 Bb4 31. Rd7 Bc5+ 32. Kg2 a5 33. Be2 Rae8 34. Bd3 Re7 35. Bc2 Rxd7 36. Rxd7 $19 {[%mdl 4096] Endgame KRB-KRB} Kg7 37. Be4 Re8 38. Bc2 Re7 39. Rd8 (39. Rxe7 $17 Bxe7 40. Be4) 39... h5 40. h3 (40. Be4 {was necessary.}) 40... f5 41. Bb1 Kf6 42. Rh8 $2 (42. Bc2) 42... Rd7 {Precision: White = 26%, Black = 76%.} 0-1

[Event "POR-chT 1st Divison 2018"]
[Site "Maia"]
[Date "2018.07.18"]
[Round "4"]
[White "Romano, Luis Miguel Pereira"]
[Black "Ribeiro, Fernando"]
[Result "1-0"]
[WhiteElo "2083"]
[BlackElo "2165"]
[Annotator "TA"]
[PlyCount "77"]
[EventDate "2018.07.16"]
[EventType "team-tourn"]
[EventCountry "POR"]
[SourceTitle "playchess.com"]
[Source "ChessBase"]
[SourceQuality "1"]

{[%evp 23,77,23,45,14,31,21,33,0,0,0,0,0,0,-8,0,0,0,0,12,0,83,22,74,71,90,84,71,62,83,94,65,47,73,27,48,58,118,118,290,295,295,302,295,290,507,474,508,513,693,671,29962,29946,12839,5689,29982,29983]} 1. e4 c5 2. Nf3 d6 3. d4 cxd4 4. Nxd4 Nf6 5. Nc3 a6 6. Bg5 e6 7. f4 h6 8. Bh4 Qb6 9. a3 Be7 {B96: Sicilian Najdorf: 6 Bg5 e6 7 f4, lines other than 7...Qb6 and 7...Be7} 10. Bf2 Qc7 11. Qf3 (11. Bd3 e5 12. Nde2 b5 13. Qd2 Nbd7 14. O-O-O Rb8 15. h3 b4 16. axb4 Rxb4 17. g4 {0-1 (57) Najer,E (2693)-Wojtaszek,R (2741) Czech Republic 2018}) 11... Nc6 12. O-O-O Bd7 {LiveBook: 6 Games} 13. Nb3 Na5 14. Nxa5 $146 ({Predecessor:} 14. Nd4 Rc8 15. g4 e5 16. Nf5 Bxf5 17. gxf5 {1-0 (29) Sorgic,D (2246)-Lazarevic,Z (2130) Obrenovac 2011}) 14... Qxa5 15. f5 Rc8 16. Be1 {[%cal Bf2e1,Be1d2,Bd2e3,Be3d4][%mdl 32]} Qc5 {[%cal Re6f5]} 17. Bd3 exf5 18. exf5 Bc6 19. Qg3 O-O 20. Bd2 Kh8 21. Rhe1 Rfe8 {[#]} (21... d5 $11 {remains equal.}) 22. Qh3 (22. Be3 $1 $16 {[%cal Re3c5]} Qa5 23. Kb1) 22... Bf8 {[#]} (22... Kg8 $11 {keeps the balance.}) 23. Be3 $1 $16 {[%cal Re3c5]} Qa5 24. Bd4 Rxe1 25. Rxe1 Qd8 26. g4 $36 {[%mdl 2048] aiming for g5. White is in control.} Kg8 27. Qg3 Nh7 28. f6 Nxf6 29. h4 Nh7 ({Black should try} 29... d5 $14) 30. Qf2 Be7 $2 (30... g6 $16) 31. Bxh7+ Kxh7 {[#]} 32. Rxe7 $1 {[%mdl 512]} Qxe7 33. Qf5+ g6 $2 (33... Kh8 {keeps fighting.}) 34. Qxc8 $18 {[%csl Gd4][%cal Rc8h8]} f6 35. b3 Qe1+ 36. Kb2 {Intending Qc7+ and mate.} Qxh4 37. Qc7+ Kg8 38. Qxd6 Kf7 39. Nd5 {Precision: White = 56%, Black = 29%.} 1-0

[Event "POR-chT 1st Divison 2018"]
[Site "Maia"]
[Date "2018.07.18"]
[Round "4"]
[White "Guerreiro, Nuno"]
[Black "Fernandes, Antonio"]
[Result "0-1"]
[WhiteElo "2050"]
[BlackElo "2403"]
[Annotator "NA"]
[PlyCount "138"]
[EventDate "2018.07.16"]
[EventType "team-tourn"]
[EventCountry "POR"]
[SourceTitle "playchess.com"]
[Source "ChessBase"]
[SourceQuality "1"]
[TimeControl "5400+30"]

1. Nf3 {[%emt 0:00:00]} Nf6 {[%emt 0:03:24]} 2. g3 {[%emt 0:00:00]} d5 {[%emt 0:02:54]} 3. Bg2 {[%emt 0:00:59]} Bf5 {[%emt 0:00:24]} 4. c4 {[%emt 0:01:00]} dxc4 {[%emt 0:01:52]} 5. Na3 {[%emt 0:03:13]} c6 {[%emt 0:02:06]} 6. Nxc4 {[%emt 0:00:19]} Nbd7 {[%emt 0:00:03] A09: Réti Opening: 1 Nf3 d5 2 c4} 7. O-O {[%emt 0:06:10]} e6 {[%emt 0:00:21]} 8. d3 {[%emt 0:01:20]} Be7 {[%emt 0:00:51] LiveBook: 5 Partien} (8... h6 9. Bd2 Be7 10. Nd4 Bh7 11. Nb3 Nd5 12. Nba5 Qc8 13. e4 N5b6 {½-½ (56) Rozum,I (2606)-Zarubitski,V (2325) Minsk 2017}) 9. Bf4 {[%emt 0:09:34]} Nb6 {[%emt 0:02:15]} 10. Rc1 $146 {[%emt 0:05:43]} ({Predecessor:} 10. Na5 Qc8 11. Nd4 Nfd5 12. Nxf5 exf5 13. Be5 O-O 14. e4 fxe4 15. dxe4 {1-0 (38) Bender,I (2285)-Kovacevic,S (2100) Osijek 2015}) 10... Nxc4 {[%emt 0:16:19]} 11. Rxc4 {[%emt 0:04:18]} O-O {[%emt 0:00:31]} 12. b4 {[%emt 0:09:09]} a5 {[%emt 0:03:46]} 13. a3 {[%emt 0:00:55]} axb4 {[%emt 0:04:23]} 14. axb4 {[%emt 0:02:43]} Nd5 {[%emt 0:00:15]} 15. Bd2 {[%emt 0:02:05]} Nc7 {[%emt 0:04:12]} 16. h4 {[%emt 0:06:33]} f6 {[%emt 0:05:22]} 17. Nd4 {[%emt 0:07:53]} Bg6 {[%emt 0:00:22]} 18. b5 {[%emt 0:00:26]} Bf7 {[%emt 0:00:03]} 19. bxc6 {[%emt 0:02:00]} b5 {[%emt 0:00:22]} 20. Nxb5 $1 {[%emt 0:05:51]} Nxb5 {[%emt 0:00:01]} 21. Bb4 {[%emt 0:04:12]} (21. c7 $15 Nxc7 22. Bxa8 Nxa8 23. Rc6) 21... Nc7 {[%emt 0:02:04]} 22. Bxe7 $17 {[%emt 0:05:08]} Qxe7 {[%emt 0:00:03]} 23. Qc2 {[%emt 0:00:39]} e5 {[%emt 0:18:56]} 24. Ra4 {[%emt 0:00:40]} Rxa4 {[%emt 0:01:41]} 25. Qxa4 {[%emt 0:00:03]} Qc5 {[%emt 0:00:45]} 26. Rb1 {[%emt 0:00:38]} Ra8 {[%emt 0:01:23]} 27. Qd1 {[%emt 0:02:58]} Bd5 {[%emt 0:01:06]} 28. Rc1 {[%emt 0:00:51]} Qd6 {[%emt 0:00:16]} 29. Bh3 {[%emt 0:01:22]} Ra6 {[%emt 0:05:39]} 30. e4 {[%emt 0:00:39]} Be6 {[%emt 0:11:22]} 31. Bxe6+ {[%emt 0:00:20]} Qxe6 {[%emt 0:00:12]} 32. Qc2 {[%emt 0:00:04]} Qd6 {[%emt 0:03:10]} 33. Qc4+ {[%emt 0:03:57]} Kf8 {[%emt 0:00:08]} 34. Kg2 {[%emt 0:00:39]} Rb6 {[%emt 0:05:11]} 35. h5 {[%emt 0:00:31]} Rb4 {[%emt 0:02:07]} 36. Qc2 {[%emt 0:01:04]} Ke7 {[%emt 0:03:06]} 37. Qd1 {[%emt 0:00:18]} Rb8 {[%emt 0:00:33]} 38. Qg4 {[%emt 0:00:10]} Ne6 {[%emt 0:00:18]} 39. Qf5 {[%emt 0:00:37]} h6 {[%emt 0:00:55]} 40. Qf3 {[%emt 0:00:33]} Rc8 {[%emt 0:00:09]} 41. Qe3 {[%emt 0:00:25]} Rxc6 {[%emt 0:00:13]} 42. Qa7+ {[%emt 0:00:31]} Rc7 {[%emt 0:00:07]} 43. Rxc7+ {[%emt 0:00:23]} Qxc7 {[%emt 0:00:01]} 44. Qa3+ {[%emt 0:00:22]} Qd6 {[%emt 0:01:16]} 45. Qa7+ {[%emt 0:00:06]} Kf8 {[%emt 0:01:25]} 46. Qa8+ {[%emt 0:00:17]} Kf7 {[%emt 0:00:22]} 47. Qb7+ {[%emt 0:00:09]} Kf8 {[%emt 0:00:34]} 48. Qc8+ {[%emt 0:00:13]} Nd8 {[%emt 0:00:30]} 49. Qc4 {[%emt 0:00:14]} Qd4 {[%emt 0:00:20]} 50. Qb3 {[%emt 0:00:11]} Ke7 {[%emt 0:00:26]} 51. Qa3+ {[%emt 0:00:18]} Kf7 {[%emt 0:00:53]} 52. Qb3+ {[%emt 0:00:05]} Ne6 {[%emt 0:00:28]} 53. Qb7+ {[%emt 0:00:22]} Kg8 {[%emt 0:00:21]} 54. Qc8+ {[%emt 0:00:18]} Nd8 {[%emt 0:00:11]} 55. Qc2 {[%emt 0:00:28]} Kh7 {[%emt 0:00:17]} 56. Qb3 {[%emt 0:00:25]} Qd7 {[%emt 0:00:12]} 57. Qc4 {[%emt 0:00:28]} Ne6 {[%emt 0:00:13]} 58. Qc3 {[%emt 0:01:00]} Qd6 {[%emt 0:01:00]} 59. Qc8 {[%emt 0:00:32]} Nf8 {[%emt 0:01:02]} 60. Qe8 {[%emt 0:00:42]} Kg8 {[%emt 0:00:16]} 61. Qb5 {[%emt 0:00:07]} Qd7 {[%emt 0:00:25]} 62. Qb3+ {[%emt 0:00:36]} Qf7 {[%emt 0:00:42]} 63. Qd1 {[%emt 0:00:05]} Ne6 {[%emt 0:00:11]} 64. Qc2 {[%emt 0:01:10]} Qxh5 {[%emt 0:00:21]} 65. Qc8+ {[%emt 0:00:07]} Nf8 {[%emt 0:00:01]} 66. Qd8 {[%emt 0:00:14]} Qf7 {[%emt 0:00:07]} 67. Qa5 {[%emt 0:00:34]} Qd7 {[%emt 0:00:07]} 68. Qa6 {[%emt 0:00:08]} Ne6 {[%emt 0:00:08]} 69. Qb5 {[%emt 0:00:19]} Qxb5 {[%emt 0:00:02]} 0-1

[Event "POR-chT 1st Divison 2018"]
[Site "Maia"]
[Date "2018.07.18"]
[Round "4"]
[White "Cavaleiro, Daniel Filipe Costa"]
[Black "Nagy, Gabor"]
[Result "0-1"]
[WhiteElo "1987"]
[BlackElo "2474"]
[Annotator "TA"]
[PlyCount "70"]
[EventDate "2018.07.16"]
[EventType "team-tourn"]
[EventCountry "POR"]
[SourceTitle "playchess.com"]
[Source "ChessBase"]
[SourceQuality "1"]

{[%evp 22,70,47,23,25,13,55,0,90,-195,-206,-257,-266,-269,-241,-264,-246,-270,-255,-286,-285,-292,-281,-362,-345,-337,-358,-485,-470,-488,-441,-526,-527,-524,-519,-521,-509,-493,-456,-571,-563,-646,-635,-631,-614,-682,-670,-712,-698,-711,-699]} 1. d4 Nf6 2. c4 e6 3. Nf3 c5 4. d5 exd5 5. cxd5 d6 6. Nc3 g6 7. Nd2 Bg7 8. e4 O-O 9. Be2 Re8 10. O-O Na6 11. Re1 Rb8 12. a4 Nb4 {A78: Benoni (Hauptsystem)} 13. f3 a6 $146 ({Vorgänger:} 13... Nh5 14. Nc4 Bd4+ 15. Be3 Qg5 16. Qxd4 cxd4 17. Bxg5 f6 18. Nb5 fxg5 19. Ncxd6 Rd8 20. Nxc8 Rbxc8 21. Nxd4 {1-0 (31) Tosic,M (2455)-Arsovic,Z (2330) Kladovo 1991}) 14. a5 ({Lieber} 14. Nc4 $14) 14... Nh5 (14... Nd7 $11 {hält das Gleichgewicht.}) 15. Nb3 $2 {[%mdl 8192] [#]} (15. Nc4 $16) 15... Qh4 $1 $19 16. Be3 {[#]} Be5 $1 17. f4 Nxf4 ({Weniger gut wäre} 17... Bxf4 18. Bxf4 Nxf4 19. Qd2 $17) 18. g3 Nxe2+ 19. Qxe2 Qg4 20. Rac1 Qxe2 21. Rxe2 Nd3 {Weiss muss nun ...Lg4 beachten.} 22. Rf1 Bh3 23. Rb1 b5 {Droht ...Lxc3 und aus.} 24. Nd1 Bg4 {Schwarz steht klar auf Gewinn.} 25. Rd2 c4 26. Nd4 Bxd4 27. Bxd4 Rxe4 28. Bf2 Bxd1 29. Rbxd1 Rbe8 30. b3 Nxf2 31. Kxf2 c3 32. Rc2 b4 33. h3 f5 34. Rd3 Kg7 35. Kf3 Kf6 {Precision: Weiß = 10%, Schwarz = 76%.} 0-1

[Event "POR-chT 1st Divison 2018"]
[Site "Maia"]
[Date "2018.07.19"]
[Round "5"]
[White "Asis Gargatagli, Hipolito"]
[Black "Iturrizaga Bonelli, Eduardo"]
[Result "1/2-1/2"]
[WhiteElo "2538"]
[BlackElo "2652"]
[Annotator "TA"]
[PlyCount "80"]
[EventDate "2018.07.16"]
[EventType "team-tourn"]
[EventCountry "POR"]
[SourceTitle "playchess.com"]
[Source "ChessBase"]
[SourceQuality "1"]

{[%evp 17,80,38,49,27,32,1,27,0,67,56,65,62,67,70,82,49,172,175,191,191,195,166,173,142,197,191,238,211,273,281,274,276,384,406,422,418,426,407,429,403,517,505,497,512,505,502,490,490,443,68,105,99,267,162,259,245,221,0,0,0,0,0,0,0,0]} 1. e4 c6 2. d4 d5 3. Nd2 dxe4 4. Nxe4 Nf6 5. Nxf6+ exf6 6. c3 Bd6 7. Bd3 O-O 8. Qc2 h6 9. Ne2 Qc7 {LiveBook: 74 Games} 10. Bd2 {B15: Caro-Kann: 3 Nc3: 3...g6 and 3...dxe4 4 Nxe4 Nf6 5 Nxf6+ exf6} (10. h3 Re8 11. O-O Nd7 12. Be3 Nf8 13. Rfe1 Bd7 14. Rad1 Rad8 15. a3 a6 16. c4 Qc8 17. Ng3 Ne6 {1-0 (33) Pavlidis,A (2563)-Le Roux,J (2557) Orsay 2018}) 10... Be6 11. Ng3 $146 ({Predecessor:} 11. O-O-O b5 12. c4 bxc4 13. Bxc4 Bxc4 14. Qxc4 Nd7 15. Ng3 Nb6 16. Qc2 Nd5 17. Ne4 Be7 {½-½ (27) Kodalle,D (1230)-Hommer,J (1548) Willingen 2015}) 11... Nd7 12. O-O {White has an edge.} Rfe8 (12... c5 $11) 13. f4 $14 {[%cal Bf2f4,Bf4f5][%mdl 32]} b5 14. b3 {Strongly threatening f5.} Nf8 15. c4 bxc4 16. bxc4 Rad8 {[#]} ({Black should try} 16... Qd7 $14) 17. c5 $1 $18 {[%cal Rc5d6]} Be7 18. f5 Bd5 19. Rf4 {[%cal Bf1f4,Bf4g4,Bg4g3][%mdl 32]} Nh7 20. Rg4 Kh8 (20... Qd7 $16 {is a better defense.} 21. Bc3 Bf8) 21. Nh5 Ng5 22. Rf1 {[%cal Ba1f1,Bf1f4,Bf4g4][%mdl 32]} Bf8 23. h4 Nh7 24. Rff4 Re7 25. Rg3 Rde8 26. Rfg4 Re1+ 27. Bxe1 Rxe1+ 28. Kh2 Qa5 29. Bc4 Ra1 {aiming for ...Qe1.} 30. Bxd5 Qe1 {[%csl Ga1][%cal Re1h1]} 31. Rf3 cxd5 32. Nf4 Rd1 33. c6 $2 ({Less strong is} 33. Nd3 Qg1+ 34. Kg3 h5 $16) (33. Qc3 $18) 33... Rc1 34. Qe2 Qh1+ (34... Qxe2 $16 35. Nxe2 Bd6+ 36. g3 Rc2) 35. Kg3 {Black must now prevent Qe8.} Re1 (35... h5 {was worth a try.}) 36. Qa6 Rc1 {[#]} 37. Qb7 $2 ({Worse is} 37. Nxd5 Bd6+ 38. Nf4 Qe1+ 39. Kh3 Qh1+ 40. Kg3 Rc2 $15) ({Inferior is} 37. Qxa7 Qe1+ 38. Kh3 Qh1+ 39. Kg3 Qe1+ 40. Kh3 Qh1+ 41. Kg3 $11) ({White has to play} 37. Qa5 $1 $18) 37... Qe1+ $11 {The position is equal.} 38. Kh2 Qh1+ 39. Kg3 Qe1+ 40. Kh2 Qh1+ {Precision: White = 65%, Black = 35%.} 1/2-1/2

[Event "POR-chT 1st Divison 2018"]
[Site "Maia"]
[Date "2018.07.19"]
[Round "5"]
[White "Spraggett, Kevin Barry"]
[Black "Galego, Luis"]
[Result "1/2-1/2"]
[WhiteElo "2530"]
[BlackElo "2471"]
[Annotator "TA"]
[PlyCount "59"]
[EventDate "2018.07.16"]
[EventType "team-tourn"]
[EventCountry "POR"]
[SourceTitle "playchess.com"]
[Source "ChessBase"]
[SourceQuality "1"]

{[%evp 15,59,0,16,0,0,-6,0,-9,0,0,-1,-3,-8,-5,-5,-5,0,-6,-8,-11,-13,-8,-11,-8,0,-20,0,0,0,-14,0,-11,-14,-7,-12,-10,-12,-7,-22,-29,-25,-27,-42,-18,-18,-49]} 1. e4 e6 2. d4 d5 3. exd5 exd5 4. Nf3 Bd6 5. Bd3 Ne7 6. O-O O-O 7. c3 Nbc6 {[%cal Bb8c6,Bc6e7,Be7g6][%mdl 32] C01: French: Exchange Variation} 8. Re1 Bf5 {LiveBook: 13 Games} 9. Bxf5 (9. Bg5 Bxd3 10. Qxd3 {½-½ (10) Najer,E (2663)-Dubov,D (2659) Sochi 2015}) 9... Nxf5 10. Qb3 Rb8 11. Nbd2 $146 ({Predecessor:} 11. Bg5 Qd7 12. Kh1 h6 13. Be3 Nce7 14. Bd2 Rfe8 15. Na3 {½-½ (35) Glowinski,D (1466)-Willmann,B (2052) LSS email 2012}) 11... Nce7 12. Nf1 Ng6 13. Ng3 Nxg3 14. hxg3 c6 15. Bd2 h6 16. Re2 Re8 17. Rae1 Rxe2 18. Rxe2 Qd7 19. a4 b6 20. c4 Qf5 21. Re1 dxc4 22. Qxc4 Rc8 23. Qa6 Qd7 24. b3 Rd8 25. Rc1 Ne7 26. Qc4 Qf5 27. a5 b5 28. Qc2 Qxc2 29. Rxc2 f6 30. Kf1 {Precision: White = 47%, Black = 83%.} 1/2-1/2

[Event "POR-chT 1st Divison 2018"]
[Site "Maia"]
[Date "2018.07.19"]
[Round "5"]
[White "Martinez Duany, Lelys Stanley"]
[Black "Dias, Ivo Rodrigues"]
[Result "1-0"]
[WhiteElo "2528"]
[BlackElo "2138"]
[Annotator "TA"]
[PlyCount "75"]
[EventDate "2018.07.16"]
[EventType "team-tourn"]
[EventCountry "POR"]
[SourceTitle "playchess.com"]
[Source "ChessBase"]
[SourceQuality "1"]

{[%evp 17,75,31,33,33,33,36,28,0,29,17,41,37,40,21,28,0,2,8,34,28,32,24,32,25,35,22,0,0,0,0,0,-10,-19,-20,-12,-52,0,-89,0,-29,-29,-72,-27,0,126,141,437,400,532,497,509,499,482,474,1190,802,1058,875,29998,29999]} 1. e4 {[%cal Be2e4,Be4e5][%mdl 32]} c6 2. Nc3 d5 3. Nf3 Nf6 4. e5 Ne4 5. Ne2 Qb6 6. d4 {B11: Caro-Kann (Zweispringer-Variante)} e6 7. Ng3 (7. g3 c5 8. Bg2 Bd7 9. O-O Bb5 10. Re1 Nc6 11. c3 Rc8 12. Be3 Bc4 13. Qc2 {½-½ (48) Naiditsch,A (2702)-Bartel,M (2613) Germany 2017}) 7... Nxg3 8. hxg3 c5 9. c3 Nc6 {LiveBook: 3 Partien} 10. dxc5 $146 ({Vorgänger:} 10. a3 cxd4 11. cxd4 Na5 12. Bd3 Nb3 13. Rb1 {½-½ (29) Rigo,Z (2391)-Antal,G (2526) Slovakia 2017}) 10... Bxc5 11. Qc2 Bd7 12. b4 Bf8 13. Bd3 h6 14. Qe2 Qc7 {Und ...Sxb4! würde nun gewinnen.} 15. Rb1 a6 16. a4 Na7 17. b5 {zielt auf b6 ab.} axb5 18. axb5 {Und weiter mit b6 wäre nett.} Nc8 $1 19. O-O Nb6 20. Be3 Be7 21. Bd4 O-O 22. Nh2 Rfc8 23. Ng4 Bf8 24. Rb3 Nc4 25. Bb1 Na3 26. Bd3 Nc4 (26... Ra4 $15) 27. f4 (27. Bb1 $11) 27... Ra5 ({Lieber} 27... Bc5 $17 28. Rd1 Qb6) 28. b6 Qd8 29. Qf2 h5 30. Nh2 g6 {[#]} (30... Rca8 $11 31. Qe2 Be8 32. Bxc4 (32. Qxh5 f5 $17) 32... dxc4) 31. g4 $1 $16 hxg4 $2 {[%mdl 8192]} (31... h4 $16 {ist eine bessere Verteidigung.}) 32. Nxg4 $18 Bc5 33. Nf6+ Kg7 34. Bxc5 ({Weniger gut wäre} 34. Qh4 Qh8 $18) 34... Raxc5 35. Qh4 Bb5 (35... Qh8 $142 36. Qxh8+ Kxh8 37. Nxd7 Ra5) 36. Qh7+ Kf8 {[#]} 37. Bxg6 $1 {[%mdl 512]} fxg6 38. Qg8+ {Precision: Weiß = 65%, Schwarz = 36%.} 1-0

[Event "POR-chT 1st Divison 2018"]
[Site "Maia"]
[Date "2018.07.19"]
[Round "5"]
[White "Ftacnik, Lubomir"]
[Black "Eggert, Alberto"]
[Result "1-0"]
[WhiteElo "2514"]
[BlackElo "2142"]
[Annotator "TA"]
[PlyCount "71"]
[EventDate "2018.07.16"]
[EventType "team-tourn"]
[EventCountry "POR"]
[SourceTitle "playchess.com"]
[Source "ChessBase"]
[SourceQuality "1"]

{[%evp 12,71,0,12,35,24,24,15,54,45,65,76,93,100,91,104,102,116,99,112,127,139,168,170,170,162,166,167,235,234,272,273,261,214,214,214,214,213,211,204,250,210,296,266,311,269,326,298,382,381,373,370,472,457,768,770,1080,1084,1254,1269,1547,1494]} 1. Nf3 Nf6 2. c4 e6 3. Nc3 Bb4 4. g3 O-O 5. Bg2 d5 6. a3 Bxc3 7. dxc3 {LiveBook: 29 Games} dxc4 {A17: English Opening: 1...Nf6 with ...Bb4} (7... c5 8. O-O Nc6 9. Bg5 dxc4 10. Qa4 h6 11. Bxf6 Qxf6 12. Qxc4 Qe7 13. Ne1 Ne5 14. Qf4 Ng6 15. Qe3 {1-0 (71) Ivanchuk,V (2752)-Bologan,V (2700) Saint Vincent 2005 CBM 110 [Ribli,Z]}) 8. Qxd8 Rxd8 9. Ne5 Nbd7 {[%cal Bb8d7,Bd7c5,Bc5e4][%mdl 32] The position is equal.} 10. Nxc4 Nc5 $146 ({Predecessor:} 10... Nb6 11. Na5 Rb8 12. O-O Ne8 13. Be3 f6 14. Rfd1 Rxd1+ 15. Rxd1 {1-0 (31) Kaidanov,G (2535)-Neverov,V (2440) Blagoveshchensk 1988}) 11. Na5 e5 12. b4 Nce4 {[#]} 13. c4 $1 {[%cal Bc3c4,Bc4c5][%mdl 32]} Rb8 14. Bb2 Re8 15. Rd1 Kf8 16. c5 Ng5 17. h4 Ne6 18. Bxe5 Ng4 19. Bc3 b6 (19... f6 $142 20. O-O Nd8) 20. Nc6 $18 {[%cal Ba5c6,Bc6b8,Bb8d7][%mdl 32]} Bb7 21. Nxb8 Bxg2 22. Nd7+ Ke7 23. Rg1 Bc6 24. Ne5 Nxe5 25. Bxe5 f6 26. Bc3 b5 (26... bxc5 {was called for.} 27. f3 cxb4) 27. f3 a6 28. Kf2 Rf8 29. e4 Rf7 30. g4 {[%cal Bg3g4,Bg4f5][%mdl 32]} Rf8 31. Ke3 g6 32. f4 {White is clearly winning.} h6 (32... Re8 $142 33. g5 fxg5 34. hxg5 Kf8) 33. f5 gxf5 34. gxf5 Nd8 35. Rg6 Be8 {[#]} 36. Bxf6+ $1 {Precision: White = 89%, Black = 15%.} 1-0

[Event "POR-chT 1st Divison 2018"]
[Site "Maia"]
[Date "2018.07.19"]
[Round "5"]
[White "Oratovsky, Michael"]
[Black "Kantans, Toms"]
[Result "1-0"]
[WhiteElo "2474"]
[BlackElo "2529"]
[Annotator "TA"]
[PlyCount "57"]
[EventDate "2018.07.16"]
[EventType "team-tourn"]
[EventCountry "POR"]
[SourceTitle "playchess.com"]
[Source "ChessBase"]
[SourceQuality "1"]

{[%evp 22,57,17,7,1,3,44,56,47,43,46,37,31,30,35,51,60,44,91,79,160,161,612,540,604,618,552,429,709,687,700,676,907,620,620,612,594,596]} 1. e4 {Ribli,Z} c5 2. Nf3 e6 3. d4 cxd4 4. Nxd4 Nc6 5. Nc3 Qc7 6. g3 a6 7. Bg2 Nf6 8. O-O Bc5 9. Nxc6 dxc6 10. Na4 Ba7 11. c4 Nd7 12. e5 {LiveBook: 3 Games. B47: Sicilian: Taimanov: 5 Nc3 Qc7 6 f4, 6 g3 and 6 Be2} (12. b4 a5 13. b5 e5 14. Ba3 Bd4 15. Rc1 c5 16. Nc3 Nb6 17. Ne2 Be6 18. Nxd4 exd4 19. Qd3 O-O 20. f4 {1-0 (59) Demchenko,A (2596)-Bukavshin,I (2613) Khanty-Mansiysk 2014}) 12... Qxe5 13. Bf4 Qa5 $146 ({Predecessor:} 13... Qf6 14. Bd6 Qd4 15. c5 Qxd1 16. Raxd1 Bb8 17. f4 Bxd6 18. Rxd6 Ke7 19. Rfd1 g6 {1-0 (56) Wedberg,T (2487)-Sjoberg,M (2348) Stockholm 1999 CBM 073 [Ribli,Z]}) 14. Bd6 {[%mdl 1024] White is slightly better. White has compensation.} Bb8 {[#] aiming for ...Bxd6.} 15. Ba3 c5 16. Rb1 {And now b4 would win.} Qc7 17. b4 {[%cal Rb4c5]} Ba7 $1 18. Qh5 $36 {[%cal Rb4c5][%mdl 2048] White has good play.} O-O 19. Nxc5 Nxc5 20. bxc5 {Threatens to win with c6.} Rd8 (20... g6 $142 21. Qg5 f6) 21. Rfd1 $16 Re8 $2 {[#]} (21... Rxd1+ 22. Qxd1 Bxc5 23. Bxc5 Qxc5) 22. c6 $1 $18 {[%mdl 512] White is clearly winning.} bxc6 23. Bd6 Qd8 24. Bf4 Qf6 (24... Qe7 $142 25. Bxc6 e5) 25. Bxc6 e5 26. Bxe8 Bf5 27. Qxf7+ Qxf7 28. Bxf7+ Kxf7 29. Rb7+ {Precision: White = 82%, Black = 34%.} 1-0

[Event "POR-chT 1st Divison 2018"]
[Site "Maia"]
[Date "2018.07.19"]
[Round "5"]
[White "Kaczur, Florian"]
[Black "Gomes, Rui Pedro De Sousa"]
[Result "1-0"]
[WhiteElo "2471"]
[BlackElo "1750"]
[Annotator "TA"]
[PlyCount "79"]
[EventDate "2018.07.16"]
[EventType "team-tourn"]
[EventCountry "POR"]
[SourceTitle "playchess.com"]
[Source "ChessBase"]
[SourceQuality "1"]

{[%evp 24,79,21,-6,5,2,9,29,26,0,2,-42,38,11,49,60,48,55,93,97,91,90,243,246,241,235,402,408,448,454,624,440,468,472,774,725,1091,802,800,771,747,714,1186,1183,1145,1031,1199,1191,1153,1139,1955,1770,29981,29982,29982,29983,29983,29984]} 1. e4 e5 2. Nf3 Nc6 3. Bb5 a6 4. Ba4 g6 5. O-O Bg7 6. c3 Nge7 7. d4 exd4 8. cxd4 b5 {C60: Ruy Lopez: Unusual Black 3rd moves and 3...g6} 9. Bb3 O-O 10. Nc3 d6 11. h3 Na5 12. Bc2 c5 13. Bg5 {[%cal Bc1g5,Bg5h4,Bh4g3][%mdl 32] LiveBook: 37 Games} (13. dxc5 dxc5 14. Qxd8 Rxd8 {0-1 (65) Vachier Lagrave,M (2789)-Mamedyarov,S (2808) Leuven 2018}) 13... h6 14. Bh4 {[#] Black must now prevent dxc5.} g5 15. Bg3 {With the idea dxc5.} Nc4 16. Rb1 {[#]} Nc6 $146 {[%cal Rc6d4]} 17. Ne2 Bb7 (17... g4 $15 18. hxg4 Bxg4) 18. a3 $1 $36 {[%mdl 2048] White is pushing.} Qb6 {[%cal Rc6d4]} (18... f5 $5) 19. d5 N6e5 20. Nxe5 Nxe5 21. f4 Nc4 22. Qc1 Bd4+ $2 (22... Qd8 $16) 23. Nxd4 $18 cxd4 24. fxg5 {aiming for Bd3.} Ne3 $2 (24... d3+ {was called for.} 25. Bf2 Qd8) 25. Bd3 hxg5 26. Rf6 Rad8 27. Qd2 {Strongly threatening Qe2.} Qc7 {[#]} 28. Rbf1 $1 {[%mdl 512]} Qe7 (28... Rfe8 $142 29. Rh6 f5) (28... Nxf1 29. Qxg5+) 29. R1f2 Kg7 30. Qb4 Nc4 31. Bxc4 bxc4 32. Rxd6 Rfe8 33. Qb6 Rxd6 34. Bxd6 Qxe4 35. Qxb7 Qg6 36. Be7 Qe4 37. Bc5 Qe1+ 38. Rf1 {White mates.} Qxf1+ 39. Kxf1 d3 40. Bd4+ {Precision: White = 79%, Black = 36%.} 1-0